000 01238fam a2200337 a 4500
001 32010
003 BD-RjUL
005 20211209051758.0
008 140423r19541907nyu b 001 0 eng
035 _a(OCoLC)232664992
035 _a(OCoLC)ocn232664992
035 _a(BD-RjUL)32099
035 _a(NNC)1375049
040 _aDLC
_cDLC
_dBD-RjULC
_beng
041 _aeng
082 0 0 _a262.983
_220
_bRIC V-1 1954
100 _a Hooker, Richard
_9108807
245 0 0 _aOf the laws of ecclesiastical polity /
_cRichard Hooker ;Introduction by Christopher Morris .
_nVolume 1
260 _aNew York :
_bE.P.Dutton & Co.,
_c1907 [Reprint 1954].
300 _axv, 429 p. :
_billus. ;
_c22 cm.
504 _aIncludes bibliographical references and indexes.
600 1 0 _aHooker, Richard.
_d1553 or 1554-1600.
_91227
610 2 0 _aChurch of England
_9108808
650 0 _aChurch polity
_vEarly works to 1800.
_997432
650 0 _aEcclesiastical law
_vEarly works to 1800.
_997433
650 0 _aAnglican Communion
_xDoctrines
_vEarly works to 1800.
_997434
650 0 _aChurch and state
_zGreat Britain
_vEarly works to 1800.
_997435
700 _aMorris, Christopher
_997729
942 _2ddc
_cBK
999 _c32010
_d32010